[Event "Steyr Landesliga 1314"]
[Site "Austria"]
[Date "2013.11.23"]
[Round "4.4"]
[White "Kerschbaumer, Johannes"]
[Black "Fassl, Erich"]
[Result "0-1"]
[WhiteElo "2000"]
[BlackElo "2164"]
[PlyCount "96"]
[EventDate "2013.09.28"]
[EventType "team-tourn"]
[EventRounds "11"]
[EventCountry "AUT"]
[SourceTitle "EXT 2015"]
[Source "ChessBase"]
[SourceDate "2014.11.20"]
[SourceVersion "1"]
[SourceVersionDate "2014.11.20"]
[SourceQuality "1"]
[WhiteTeam "Graz Schachamazonen"]
[BlackTeam "Hartberg"]
[WhiteTeamCountry "AUT"]
[BlackTeamCountry "AUT"]

1. c4 Nf6 2. g3 d6 3. d4 Nbd7 4. Bg2 c6 5. Nc3 Qc7 6. Nf3 e5 7. 0-0 Be7 8. e4 0-0 9. Qe2 Re8 10. Be3 a6 11. Rac1 Bf8 12. h3 Qb8 13. a4 a5 14. Rfe1 exd4 15. Nxd4 Nc5 16. Qc2 Nfd7 17. f4 Na6 18. Qd1 Nb4 19. Nc2 Nc5 20. Bxc5 dxc5 21. Qf3 Be6 22. Bf1 f6 23. Nd1 Qc7 24. Nxb4 cxb4 25. Rc2 Bc5+ 26. Nf2 Rad8 27. Kg2 Rd4 28. e5 f5 29. Nd3 Qe7 30. Nxc5 Qxc5 31. b3 Red8 32. Qf2 b6 33. Kh2 Qe7 34. g4 Qd7 35. gxf5 Bxf5 36. Rce2 Qe6 37. Re3 Qh6 38. e6 Rxf4 39. Qg2 Rfd4 40. R1e2 Re8 41. Qxc6 Bg6 42. Qc7 Qh4 43. e7 Bd3 44. Bg2 Bxe2 45. Rxe2 Rd3 46. Bd5+ Kh8 47. Bg2 h6 48. Re4 Qf6 0-1

[Event "Steyr Landesliga 1314"]
[Site "Austria"]
[Date "2013.10.19"]
[Round "2.4"]
[White "Fassl, Erich"]
[Black "Brunnsteiner, Mario"]
[Result "1/2-1/2"]
[WhiteElo "2164"]
[BlackElo "2202"]
[PlyCount "41"]
[EventDate "2013.09.28"]
[EventType "team-tourn"]
[EventRounds "11"]
[EventCountry "AUT"]
[SourceTitle "EXT 2015"]
[Source "ChessBase"]
[SourceDate "2014.11.20"]
[SourceVersion "1"]
[SourceVersionDate "2014.11.20"]
[SourceQuality "1"]
[WhiteTeam "Hartberg"]
[BlackTeam "Leoben"]
[WhiteTeamCountry "AUT"]
[BlackTeamCountry "AUT"]

1. d4 Nf6 2. Nf3 g6 3. Bf4 Bg7 4. e3 0-0 5. Be2 d6 6. h3 Nc6 7. Bh2 Nd7 8. 0-0 e5 9. c4 Kh8 10. Nc3 f5 11. Rb1 g5 12. d5 Ncb8 13. b4 h6 14. Qc2 Nf6 15. Rfd1 Qe7 16. c5 Ne8 17. c6 a6 18. a4 bxc6 19. dxc6 Nxc6 20. Nd5 Qd7 21. Rbc1 1/2-1/2

[Event "Steyr Landesliga 1213"]
[Site "Austria"]
[Date "2013.04.13"]
[Round "9.5"]
[White "Fassl, Erich"]
[Black "Kormann, Werner"]
[Result "1/2-1/2"]
[WhiteElo "2161"]
[BlackElo "2169"]
[PlyCount "27"]
[EventDate "2012.09.22"]
[EventType "team-tourn"]
[EventRounds "11"]
[EventCountry "AUT"]
[SourceTitle "EXT 2014"]
[Source "ChessBase"]
[SourceDate "2013.11.20"]
[SourceVersion "1"]
[SourceVersionDate "2013.11.20"]
[SourceQuality "1"]
[WhiteTeam "Hartberg"]
[BlackTeam "Trofaiach Niklasdorf"]
[WhiteTeamCountry "AUT"]
[BlackTeamCountry "AUT"]

1. d4 d5 2. Nf3 Nf6 3. Bf4 c5 4. e3 Nc6 5. c3 Qb6 6. Qc2 cxd4 7. exd4 Bg4 8. Nbd2 Rc8 9. Qb3 e6 10. Bd3 Be7 11. h3 Bxf3 12. Qxb6 axb6 13. Nxf3 0-0 14. 0-0 1/2-1/2

[Event "Steyr Landesliga 1213"]
[Site "Austria"]
[Date "2013.03.16"]
[Round "8.5"]
[White "Meglitsch, Konstantin"]
[Black "Fassl, Erich"]
[Result "1/2-1/2"]
[WhiteElo "2059"]
[BlackElo "2161"]
[PlyCount "34"]
[EventDate "2012.09.22"]
[EventType "team-tourn"]
[EventRounds "11"]
[EventCountry "AUT"]
[SourceTitle "EXT 2014"]
[Source "ChessBase"]
[SourceDate "2013.11.20"]
[SourceVersion "1"]
[SourceVersionDate "2013.11.20"]
[SourceQuality "1"]
[WhiteTeam "Liezen Admont"]
[BlackTeam "Hartberg"]
[WhiteTeamCountry "AUT"]
[BlackTeamCountry "AUT"]

1. e4 e5 2. Nf3 Qe7 3. Bc4 h6 4. c3 Nf6 5. 0-0 d6 6. d4 c6 7. Nbd2 Qc7 8. Qb3 b5 9. Be2 a6 10. a4 Bb7 11. Nh4 Nbd7 12. Nf5 g6 13. Ne3 Nb6 14. f4 exd4 15. cxd4 d5 16. e5 Ne4 17. Nxe4 dxe4 1/2-1/2

[Event "Steyr Landesliga 1213"]
[Site "Austria"]
[Date "2012.10.13"]
[Round "2.4"]
[White "Nickl, Klaus"]
[Black "Fassl, Erich"]
[Result "0-1"]
[WhiteElo "2158"]
[BlackElo "2161"]
[PlyCount "102"]
[EventDate "2012.09.22"]
[EventType "team-tourn"]
[EventRounds "11"]
[EventCountry "AUT"]
[SourceTitle "EXT 2014"]
[Source "ChessBase"]
[SourceDate "2013.11.20"]
[SourceVersion "1"]
[SourceVersionDate "2013.11.20"]
[SourceQuality "1"]
[WhiteTeam "Graz Post"]
[BlackTeam "Hartberg"]
[WhiteTeamCountry "AUT"]
[BlackTeamCountry "AUT"]

1. d4 Nf6 2. Bg5 d6 3. Bxf6 exf6 4. e3 g6 5. g3 Bg7 6. Bg2 Nc6 7. Ne2 Bd7 8. Nbc3 f5 9. h4 h5 10. Nd5 Rb8 11. Nef4 Ne7 12. Nxe7 Qxe7 13. Nd5 Qd8 14. a4 c6 15. Nf4 Bh6 16. 0-0 a5 17. Qd2 0-0 18. b4 axb4 19. Qxb4 Bxf4 20. exf4 Qc7 21. a5 c5 22. Qc3 Rfc8 23. Rfb1 Bc6 24. d5 Bd7 25. Rb6 Rd8 26. Rab1 Ra8 27. Qf6 Be8 28. Re1 Rxa5 29. Rxd6 Raa8 30. Rxd8 Qxd8 31. Re7 Ra1+ 32. Kh2 Re1 33. d6 b5 34. Bd5 Rxe7 35. Qxe7 Qxe7 36. dxe7 Kg7 37. Kg2 Kf6 38. Kf3 Kxe7 39. Ke3 Bd7 40. c3 Be6 41. Bc6 b4 42. cxb4 cxb4 43. Kd4 Kd6 44. Be8 Bd5 45. Ba4 Be6 46. Bd1 Kc6 47. Be2 Kb6 48. Bd3 Ka5 49. Bc2 b3 50. Bb1 Kb4 51. Kd3 Bd5 0-1

[Event "Steyr Landesliga 1112"]
[Site "Austria"]
[Date "2012.01.21"]
[Round "7.5"]
[White "Krumphals, Friedrich"]
[Black "Fassl, Erich"]
[Result "1/2-1/2"]
[WhiteElo "2139"]
[BlackElo "2123"]
[PlyCount "160"]
[EventDate "2011.09.24"]
[EventType "team-tourn"]
[EventRounds "11"]
[EventCountry "AUT"]
[SourceTitle "EXT 2013"]
[Source "ChessBase"]
[SourceDate "2012.11.22"]
[SourceVersion "1"]
[SourceVersionDate "2012.11.22"]
[SourceQuality "1"]
[WhiteTeam "Feldbach Kirchberg"]
[BlackTeam "Hartberg"]
[WhiteTeamCountry "AUT"]
[BlackTeamCountry "AUT"]

1. c4 Nf6 2. Nc3 d6 3. d4 Nbd7 4. e4 e5 5. d5 Nc5 6. Qc2 a5 7. Be2 Be7 8. Be3 0-0 9. h3 c6 10. Nf3 Qc7 11. Rc1 g6 12. Nd2 Ne8 13. Bh6 Ng7 14. g4 Qd8 15. Nf3 Bd7 16. Rg1 f6 17. Nd2 Rf7 18. Nb3 Nxb3 19. Qxb3 c5 20. a4 Kh8 21. Nb5 Ne8 22. Qg3 Nc7 23. Bd2 Nxb5 24. cxb5 b6 25. f4 f5 26. g5 exf4 27. Qxf4 Kg8 28. e5 dxe5 29. Qxe5 Qb8 30. Qxb8+ Rxb8 31. Bf4 Re8 32. Kd2 Bd8 33. Bf3 Bc8 34. Kc3 Bb7 35. Rce1 Rxe1 36. Rxe1 Re7 37. Rxe7 Bxe7 38. d6 Bxd6 39. Bxd6 Bxf3 40. Bc7 Be2 41. Bxb6 Kf7 42. Bxc5 f4 43. Kd4 Ke6 44. Ke4 Bd1 45. b6 Bxa4 46. Kxf4 Kd7 47. Ke5 Kc6 48. Bd4 Bd1 49. Kf6 a4 50. Kg7 Bh5 51. Kxh7 Kb7 52. Kg7 Kc6 53. Kf7 Kb7 54. Be3 Kc6 55. Ke7 Bf3 56. Kd8 Kb7 57. Kd7 Bg2 58. h4 Bf3 59. Kd6 Bh5 60. Kc5 Be2 61. Bd4 Bh5 62. Kb4 Bd1 63. Be3 Bh5 64. Kxa4 Bd1+ 65. Kb5 Bh5 66. Kc5 Bd1 67. Kd6 Bh5 68. Kc5 Bd1 69. Bf4 Bh5 70. Bc7 Bd1 71. Kd6 Bh5 72. Ke7 Bd1 73. Kf7 Bh5 74. Kf6 Kc8 75. b4 Kb7 76. b5 Kc8 77. Ke5 Kb7 78. Kd6 Bd1 79. Kd7 Bg4+ 80. Kd8 Bh5 1/2-1/2

[Event "Bled op-B 21st"]
[Site "Bled"]
[Date "2000.??.??"]
[Round "?"]
[White "Fassl, Erich"]
[Black "Guid, Matej"]
[Result "1-0"]
[WhiteElo "2177"]
[BlackElo "2203"]
[PlyCount "49"]
[EventDate "2000.03.25"]
[EventType "swiss"]
[EventRounds "9"]
[EventCountry "SLO"]
[SourceTitle "EXT 2001"]
[Source "ChessBase"]
[SourceDate "2000.11.22"]
[SourceVersion "1"]
[SourceVersionDate "2000.11.22"]
[SourceQuality "1"]

1. d4 e6 2. Nf3 Ne7 3. b3 g6 4. Bb2 Bg7 5. e3 0-0 6. c4 c5 7. Qd2 b6 8. Be2 Bb7 9. dxc5 Bxb2 10. Qxb2 bxc5 11. Nc3 d5 12. Rd1 Nbc6 13. 0-0 f5 14. cxd5 exd5 15. Nxd5 Nxd5 16. Rxd5 Qf6 17. Qxf6 Rxf6 18. Bc4 Kf8 19. Rd7 Na5 20. Ng5 Ke8 21. Rxh7 Nxc4 22. Rxb7 Nd2 23. Rc1 Ra6 24. Rxc5 Rxa2 25. g3 1-0

[Event "Bled op-B 21st"]
[Site "Bled"]
[Date "2000.??.??"]
[Round "?"]
[White "Zvan, Ziga"]
[Black "Fassl, Erich"]
[Result "0-1"]
[WhiteElo "2168"]
[BlackElo "2177"]
[PlyCount "104"]
[EventDate "2000.03.25"]
[EventType "swiss"]
[EventRounds "9"]
[EventCountry "SLO"]
[SourceTitle "EXT 2001"]
[Source "ChessBase"]
[SourceDate "2000.11.22"]
[SourceVersion "1"]
[SourceVersionDate "2000.11.22"]
[SourceQuality "1"]

1. e4 e5 2. Nf3 Nf6 3. Nxe5 d6 4. Nf3 Nxe4 5. d4 d5 6. Bd3 Nc6 7. 0-0 Be7 8. Re1 Bg4 9. c4 Nf6 10. Be3 0-0 11. Nbd2 Bb4 12. cxd5 Nxd5 13. h3 Bxf3 14. Qxf3 Nxe3 15. Qxe3 Qxd4 16. Qxd4 Nxd4 17. Rad1 Rad8 18. Re4 Bxd2 19. Rxd2 Ne6 20. Rd1 Rxd3 21. Rxd3 Nc5 22. Red4 Nxd3 23. Rxd3 Rc8 24. f4 Kf8 25. Kf2 h5 26. g4 hxg4 27. hxg4 g6 28. Kf3 Ke7 29. Re3+ Kf6 30. g5+ Kg7 31. Rd3 Kf8 32. f5 gxf5 33. Kf4 Re8 34. Kxf5 Re6 35. Rd2 Ke7 36. Rh2 Rc6 37. Re2+ Kf8 38. Rd2 Kg7 39. Rh2 Rc5+ 40. Kf4 a5 41. a3 b5 42. Kg4 b4 43. axb4 axb4 44. Kf4 Rc1 45. Kf5 c5 46. Rg2 c4 47. Ke4 c3 48. bxc3 Rxc3 49. Rd2 Rc8 50. Rb2 Rb8 51. Rb3 Kg6 52. Kf4 Rb5 0-1

[Event "AUT-chT2S 9697"]
[Site "Austria"]
[Date "1996.??.??"]
[Round "5"]
[White "Fassl, Erich"]
[Black "Groszpeter, Attila"]
[Result "0-1"]
[WhiteElo "2220"]
[BlackElo "2545"]
[PlyCount "64"]
[EventDate "1996.??.??"]
[EventType "team"]
[EventRounds "11"]
[EventCountry "AUT"]
[SourceTitle "EXT 1999"]
[Source "ChessBase"]
[SourceDate "1998.11.16"]
[SourceVersion "1"]
[SourceVersionDate "1998.11.16"]
[SourceQuality "1"]

1. d4 Nf6 2. c4 g6 3. Nc3 Bg7 4. e4 d6 5. Nf3 0-0 6. Be2 e5 7. 0-0 Nc6 8. d5 Ne7 9. Nd2 a5 10. a3 Bd7 11. b3 c6 12. Rb1 b5 13. dxc6 b4 14. c7 Qxc7 15. Nd5 Nexd5 16. cxd5 Bh6 17. Bd3 Rfc8 18. Qe2 Qc5 19. Nc4 Bxc1 20. axb4 Qxb4 21. Rfxc1 Bb5 22. Nd2 Bxd3 23. Qxd3 Nd7 24. Rc4 Rxc4 25. Nxc4 Rc8 26. f3 a4 27. Nxd6 Rc3 28. Qb5 Qd4+ 29. Kh1 Rxb3 30. Qf1 Rxb1 31. Qxb1 a3 32. Nb5 a2 0-1

[Event "Oberwart op"]
[Site "Oberwart"]
[Date "1996.??.??"]
[Round "6"]
[White "Fassl, Erich"]
[Black "Hinterberger, Werner"]
[Result "1/2-1/2"]
[WhiteElo "2220"]
[BlackElo "2110"]
[PlyCount "41"]
[EventDate "1996.07.??"]
[EventType "swiss"]
[EventRounds "9"]
[EventCountry "AUT"]
[SourceTitle "CBM 053 Extra"]
[Source "ChessBase"]
[SourceDate "1996.09.01"]
[SourceVersion "1"]
[SourceVersionDate "1996.09.01"]
[SourceQuality "1"]

1. d4 Nf6 2. c4 e6 3. Nf3 Bb4+ 4. Bd2 Qe7 5. g3 0-0 6. Bg2 Nc6 7. 0-0 Bxd2 8. Qxd2 d6 9. Nc3 e5 10. d5 Nb8 11. e4 a5 12. Ne1 Na6 13. Nd3 Nc5 14. Nxc5 dxc5 15. f4 Ne8 16. Qf2 b6 17. b3 Nd6 18. Rae1 Bd7 19. a4 f6 20. f5 g5 21. Qe2 1/2-1/2

[Event "Oberwart op"]
[Site "Oberwart"]
[Date "1996.??.??"]
[Round "4"]
[White "Fassl, Erich"]
[Black "Werndl, Erich"]
[Result "1-0"]
[WhiteElo "2220"]
[BlackElo "2115"]
[PlyCount "108"]
[EventDate "1996.07.??"]
[EventType "swiss"]
[EventRounds "9"]
[EventCountry "AUT"]
[SourceTitle "CBM 053 Extra"]
[Source "ChessBase"]
[SourceDate "1996.09.01"]
[SourceVersion "1"]
[SourceVersionDate "1996.09.01"]
[SourceQuality "1"]

1. d4 Nf6 2. c4 e5 3. dxe5 Ng4 4. Bf4 Nc6 5. Nf3 Bb4+ 6. Nbd2 Qe7 7. e3 Ngxe5 8. Nxe5 Nxe5 9. Be2 0-0 10. 0-0 Bxd2 11. Qxd2 d6 12. Rac1 b6 13. Rfd1 Be6 14. c5 bxc5 15. Bxe5 dxe5 16. Qc3 f6 17. b3 Rfd8 18. Qxc5 Qxc5 19. Rxc5 Rxd1+ 20. Bxd1 Rd8 21. Bc2 Bf5 22. Kf1 Bxc2 23. Rxc2 Rc8 24. Rc6 Kf7 25. b4 Ke7 26. b5 Kd7 27. a4 Rb8 28. Ra6 Rb7 29. Ke2 Kc8 30. Kd3 Rb6 31. Rxa7 Kb8 32. Ra6 Rxa6 33. bxa6 Ka7 34. e4 Kxa6 35. Kc4 Ka5 36. Kb3 h6 37. f3 g6 38. h4 h5 39. g4 Ka6 40. Kb4 Kb6 41. a5+ Ka6 42. gxh5 gxh5 43. Kc5 Kxa5 44. Kc6 Kb4 45. Kxc7 Kc4 46. Kd6 Kd4 47. Ke6 Ke3 48. Kxf6 Kxf3 49. Kxe5 Kg4 50. Kf6 Kxh4 51. e5 Kg3 52. e6 h4 53. e7 h3 54. e8Q Kg2 1-0

[Event "AUT-chT2S 9697"]
[Site "Austria"]
[Date "1996.??.??"]
[Round "7"]
[White "Forintos, Gyozo Victor"]
[Black "Fassl, Erich"]
[Result "1-0"]
[WhiteElo "2405"]
[BlackElo "2220"]
[PlyCount "81"]
[EventDate "1996.??.??"]
[EventType "team"]
[EventRounds "11"]
[EventCountry "AUT"]
[SourceTitle "EXT 1999"]
[Source "ChessBase"]
[SourceDate "1998.11.16"]
[SourceVersion "1"]
[SourceVersionDate "1998.11.16"]
[SourceQuality "1"]

1. Nf3 Nf6 2. g3 g6 3. b3 Bg7 4. Bb2 0-0 5. Bg2 d6 6. d4 c6 7. 0-0 Nbd7 8. Nbd2 Qc7 9. e4 Re8 10. Re1 e5 11. Nc4 b5 12. dxe5 bxc4 13. exf6 Nxf6 14. e5 Ng4 15. exd6 Rxe1+ 16. Qxe1 Qxd6 17. Rd1 Qf8 18. Bxg7 Kxg7 19. Qc3+ Kg8 20. h3 Nh6 21. Qxc4 Be6 22. Qc3 Rd8 23. Rxd8 Qxd8 24. Qxc6 Qd1+ 25. Kh2 Bd5 26. Qc8+ Kg7 27. Qc3+ Kg8 28. Qd3 Bxf3 29. Bxf3 Qc1 30. Qd8+ Kg7 31. Qd4+ Kg8 32. Be4 Qa3 33. Qd2 Kg7 34. c4 Ng8 35. Kg2 Nf6 36. Bf3 h5 37. Qc3 Qc5 38. b4 Qg5 39. Qd4 h4 40. Qf4 Qxf4 41. gxf4 1-0

[Event "AUT-chT2S 9495"]
[Site "Austria"]
[Date "1995.??.??"]
[Round "6"]
[White "Fassl, Erich"]
[Black "Ebner, Walter"]
[Result "0-1"]
[WhiteElo "2255"]
[BlackElo "2235"]
[PlyCount "79"]
[EventDate "1994.??.??"]
[EventType "team"]
[EventRounds "11"]
[EventCountry "AUT"]
[SourceTitle "EXT 1998"]
[Source "ChessBase"]
[SourceDate "1997.11.17"]
[SourceVersion "1"]
[SourceVersionDate "1997.11.17"]
[SourceQuality "1"]

1. d4 Nf6 2. c4 g6 3. Nc3 Bg7 4. e4 d6 5. Nf3 0-0 6. Be2 Nbd7 7. 0-0 e5 8. Qc2 Re8 9. Rd1 c6 10. d5 cxd5 11. cxd5 a6 12. b4 Nf8 13. Nd2 Bg4 14. f3 Bd7 15. Nc4 b5 16. Na5 Qb6+ 17. Kh1 Rac8 18. Rd3 Nh5 19. Be3 Qd8 20. g3 f5 21. Kg2 f4 22. Bf2 fxg3 23. hxg3 Qg5 24. Kh2 Qh6 25. Kg1 g5 26. Qd2 Qg6 27. Kh2 g4 28. fxg4 Nf6 29. g5 Nxe4 30. Nxe4 Qxe4 31. Bh5 Ng6 32. Re1 Qf5 33. g4 Qf4+ 34. Qxf4 exf4 35. Rxe8+ Bxe8 36. Kg2 Rc2 37. Rf3 Bf7 38. Bxg6 Bxg6 39. Rxf4 Be5 40. Rf6 0-1

[Event "AUT-chT2S 9596"]
[Site "Austria"]
[Date "1995.??.??"]
[Round "?"]
[White "Fassl, Erich"]
[Black "Schieder, Andreas"]
[Result "1/2-1/2"]
[WhiteElo "2255"]
[BlackElo "2010"]
[PlyCount "108"]
[EventDate "1995.??.??"]
[EventType "team-tourn"]
[EventRounds "11"]
[EventCountry "AUT"]
[SourceTitle "EXT 1999"]
[Source "ChessBase"]
[SourceDate "1998.11.16"]
[SourceVersion "1"]
[SourceVersionDate "1998.11.16"]
[SourceQuality "1"]

1. d4 d5 2. Nf3 e6 3. c4 c6 4. Qc2 f5 5. g3 Bd6 6. Bg2 Ne7 7. b3 Nd7 8. Nc3 0-0 9. e3 Nf6 10. 0-0 Bd7 11. a4 Ne4 12. Nd2 g5 13. Ndxe4 fxe4 14. f3 exf3 15. Rxf3 Nf5 16. Bd2 g4 17. Rf2 Qe8 18. Ne2 e5 19. cxd5 exd4 20. exd4 Ne3 21. Rxf8+ Bxf8 22. Bxe3 Qxe3+ 23. Kh1 Re8 24. Nf4 Qxd4 25. Rd1 Qe3 26. Qc4 b5 27. Qc2 Bc5 28. Qd3 Qf2 29. Qf1 Qxf1+ 30. Rxf1 cxd5 31. Nxd5 Bd4 32. Nc7 Rc8 33. Bd5+ Kh8 34. Nxb5 Bxb5 35. axb5 Rc5 36. Bc4 Re5 37. Rf8+ Kg7 38. Rg8+ Kf6 39. Rxg4 Bb6 40. Rf4+ Rf5 41. Rxf5+ Kxf5 42. Bd3+ Kg4 43. Bxh7 Kf3 44. Bg8 Kf2 45. Bd5 Bd4 46. Bc4 Bf6 47. h4 Kxg3 48. h5 Kg4 49. h6 Kg5 50. h7 Kg6 51. Bd3+ Kg7 52. Kg2 Bd4 53. Kf3 Bb6 54. Kf4 Bg1 1/2-1/2

[Event "AUT-chT2S 9495"]
[Site "Austria"]
[Date "1995.??.??"]
[Round "11"]
[White "Keuschnig, Siegfried"]
[Black "Fassl, Erich"]
[Result "0-1"]
[WhiteElo "2085"]
[BlackElo "2255"]
[PlyCount "70"]
[EventDate "1994.??.??"]
[EventType "team"]
[EventRounds "11"]
[EventCountry "AUT"]
[SourceTitle "EXT 1998"]
[Source "ChessBase"]
[SourceDate "1997.11.17"]
[SourceVersion "1"]
[SourceVersionDate "1997.11.17"]
[SourceQuality "1"]

1. e4 e5 2. Nf3 Nf6 3. Nc3 Bb4 4. Bc4 0-0 5. 0-0 Nc6 6. d3 Bxc3 7. bxc3 d5 8. exd5 Nxd5 9. Bg5 Qd6 10. Bxd5 Qxd5 11. c4 Qd6 12. h3 Bf5 13. Nh4 Be6 14. Be3 Rad8 15. f4 f6 16. f5 Bc8 17. Qf3 Rfe8 18. Qf2 b6 19. c5 Qe7 20. Rae1 Rd5 21. g4 bxc5 22. Ng2 Ba6 23. Rd1 Red8 24. Qh4 c4 25. g5 cxd3 26. cxd3 Bxd3 27. Rxd3 Rxd3 28. Qc4+ Kh8 29. Qxc6 Qd6 30. Qc4 a6 31. gxf6 gxf6 32. Qf7 Rg8 33. Rf3 e4 34. Bf4 exf3 35. Bxd6 Rxg2+ 0-1

[Event "AUT-chT2S 9394"]
[Site "Austria"]
[Date "1994.??.??"]
[Round "?"]
[White "Fassl, Erich"]
[Black "Rabl, Rudolf"]
[Result "1/2-1/2"]
[WhiteElo "2245"]
[BlackElo "2090"]
[PlyCount "61"]
[EventDate "1993.??.??"]
[EventType "team"]
[EventRounds "11"]
[EventCountry "AUT"]
[SourceTitle "EXT 1998"]
[Source "ChessBase"]
[SourceDate "1997.11.17"]
[SourceVersion "1"]
[SourceVersionDate "1997.11.17"]
[SourceQuality "1"]

1. d4 Nf6 2. c4 e6 3. Nf3 d5 4. Bg5 Be7 5. Nc3 0-0 6. Rc1 b6 7. cxd5 exd5 8. e3 Be6 9. Ne5 c5 10. Bd3 c4 11. Bb1 a6 12. 0-0 Nfd7 13. Bxe7 Qxe7 14. Nxd7 Qxd7 15. Qf3 f5 16. Ne2 b5 17. a3 g6 18. h4 h5 19. Nf4 Bf7 20. Qg3 Kh7 21. Nh3 Qe7 22. Ng5+ Kh6 23. Qf4 Kg7 24. Rfe1 Nd7 25. f3 Bg8 26. Qg3 Qf6 27. Rcd1 Rae8 28. Nh3 Re7 29. Nf4 Kh6 30. Kf2 a5 31. Nh3 1/2-1/2

[Event "Vienna op"]
[Site "Vienna"]
[Date "1994.??.??"]
[Round "6"]
[White "Votava, Jan"]
[Black "Fassl, Erich"]
[Result "1-0"]
[WhiteElo "2410"]
[BlackElo "2255"]
[PlyCount "81"]
[EventDate "1994.10.??"]
[EventType "swiss"]
[EventRounds "9"]
[EventCountry "AUT"]
[SourceTitle "EXT 1998"]
[Source "ChessBase"]
[SourceDate "1997.11.17"]
[SourceVersion "1"]
[SourceVersionDate "1997.11.17"]
[SourceQuality "1"]

1. e4 e5 2. Nf3 Nf6 3. Nc3 Bb4 4. Bc4 0-0 5. 0-0 Nc6 6. Nd5 Nxd5 7. Bxd5 d6 8. c3 Ba5 9. d4 Bg4 10. Bxc6 bxc6 11. dxe5 Bxf3 12. Qxf3 dxe5 13. a4 c5 14. Qe2 c6 15. Be3 Re8 16. Bxc5 Bb6 17. Rfd1 Qg5 18. Bxb6 axb6 19. Rd3 Re6 20. Rad1 h5 21. b3 h4 22. Qd2 Qxd2 23. R3xd2 h3 24. Rd8+ Rxd8 25. Rxd8+ Kh7 26. g4 Kg6 27. f3 Kg5 28. Kf2 Kf4 29. Rd7 Rf6 30. Ke2 c5 31. Kf2 Kg5 32. Kg3 Kg6 33. Rd5 Re6 34. Kxh3 f6 35. Rd7 Re8 36. Kg3 c4 37. b4 Ra8 38. Rc7 Rxa4 39. Rxc4 Ra3 40. Rc6 Rb3 41. h4 1-0

[Event "AUT-chT2S 9394"]
[Site "Austria"]
[Date "1994.??.??"]
[Round "?"]
[White "Zebedin, Wolfgang"]
[Black "Fassl, Erich"]
[Result "1/2-1/2"]
[WhiteElo "2195"]
[BlackElo "2245"]
[PlyCount "90"]
[EventDate "1993.??.??"]
[EventType "team"]
[EventRounds "11"]
[EventCountry "AUT"]
[SourceTitle "EXT 1998"]
[Source "ChessBase"]
[SourceDate "1997.11.17"]
[SourceVersion "1"]
[SourceVersionDate "1997.11.17"]
[SourceQuality "1"]

1. Nf3 Nf6 2. c4 g6 3. d4 Bg7 4. Nc3 0-0 5. g3 d6 6. Bg2 Nbd7 7. 0-0 e5 8. e4 c6 9. h3 Re8 10. Be3 exd4 11. Nxd4 Nc5 12. Qc2 a5 13. Rad1 Qe7 14. Bg5 Ne6 15. Nxe6 Bxe6 16. b3 Rad8 17. Be3 Nd7 18. a3 Nc5 19. Bd4 Bxd4 20. Rxd4 Bc8 21. b4 axb4 22. axb4 Ne6 23. Rd2 Kg7 24. f4 Nc7 25. b5 f6 26. e5 dxe5 27. Rdf2 cxb5 28. fxe5 f5 29. cxb5 Qxe5 30. b6 Nb5 31. Nxb5 Qxb5 32. Rb1 Qe5 33. Kh2 Re7 34. Bf3 Be6 35. Re2 Qf6 36. Qc5 Rde8 37. Rbe1 Kf7 38. Qd6 h6 39. Rc1 g5 40. Rc7 g4 41. Bxb7 Bc4 42. Rexe7+ Rxe7 43. Qxf6+ Kxf6 44. Bc8 Re2+ 45. Kg1 Re1+ 1/2-1/2